<?xml version="1.0" encoding="UTF-8"?>
<record
    xmlns:xsi="http://www.w3.org/2001/XMLSchema-instance"
    xsi:schemaLocation="http://www.loc.gov/MARC21/slim http://www.loc.gov/standards/marcxml/schema/MARC21slim.xsd"
    xmlns="http://www.loc.gov/MARC21/slim">

  <leader>01371nam a2200217 a 4500</leader>
  <controlfield tag="001">000000424</controlfield>
  <controlfield tag="005">20250221131511.0</controlfield>
  <controlfield tag="008">090122s2003    dr a          001 0 spa d</controlfield>
  <datafield tag="040" ind1=" " ind2=" ">
    <subfield code="a">DO-SdBNP</subfield>
    <subfield code="b">spa</subfield>
    <subfield code="c">BNPHU</subfield>
  </datafield>
  <datafield tag="082" ind1=" " ind2=" ">
    <subfield code="a">264</subfield>
    <subfield code="b">C965n</subfield>
  </datafield>
  <datafield tag="100" ind1="1" ind2=" ">
    <subfield code="a">Cuesta, Sunmer,</subfield>
    <subfield code="d">1967-</subfield>
    <subfield code="9">1415</subfield>
  </datafield>
  <datafield tag="245" ind1="1" ind2="0">
    <subfield code="a">Notas de mensajes escuchados :</subfield>
    <subfield code="b">manual pr&#xE1;ctico para aprovechar mejor el tiempo del culto /</subfield>
    <subfield code="c">Pastor Sunmer Cuesta.</subfield>
  </datafield>
  <datafield tag="260" ind1=" " ind2=" ">
    <subfield code="a">Bonao :</subfield>
    <subfield code="b">Impr. La Trinitaria,</subfield>
    <subfield code="c">2003.</subfield>
  </datafield>
  <datafield tag="300" ind1=" " ind2=" ">
    <subfield code="a">123 p. :</subfield>
    <subfield code="b">il. ;</subfield>
    <subfield code="c">21 cm.</subfield>
  </datafield>
  <datafield tag="590" ind1=" " ind2=" ">
    <subfield code="a">Inventariado, 2018/ YL</subfield>
  </datafield>
  <datafield tag="505" ind1="0" ind2=" ">
    <subfield code="g">A manera de introducci&#xF3;n --</subfield>
    <subfield code="t">Caracter&#xED;sticas de la palabra de Dios que dan sentido a este manual --</subfield>
    <subfield code="t">Quisiera que pudieras encontrar por ti mismo razones por las cuales estudiar, analizar y aplicar la palabra de Dios --</subfield>
    <subfield code="t">Procedimiento --</subfield>
    <subfield code="t">57 centavos --</subfield>
    <subfield code="t">1er. bloque de notas de los mensajes --</subfield>
    <subfield code="t">Banco del tiempo --</subfield>
    <subfield code="t">2do. bloque de notas de los mensajes --</subfield>
    <subfield code="t">Depende de qui&#xE9;n son las manos --</subfield>
    <subfield code="t">3er. bloque de notas de los mensajes --</subfield>
    <subfield code="t">Dilema del agua en la botella --</subfield>
    <subfield code="t">4&#xBA;. bloque de notas de los mensajes --</subfield>
    <subfield code="t">Enfermedades del alma --</subfield>
    <subfield code="t">Bendiciones recibidas --</subfield>
    <subfield code="t">&#xBF;Puedo ser cristiano sin unirme a una iglesia?.</subfield>
  </datafield>
  <datafield tag="650" ind1=" " ind2="4">
    <subfield code="a">Culto p&#xFA;blico</subfield>
    <subfield code="9">1416</subfield>
  </datafield>
  <datafield tag="650" ind1=" " ind2="4">
    <subfield code="a">Lectura en cultos p&#xFA;blicos</subfield>
    <subfield code="9">1417</subfield>
  </datafield>
  <datafield tag="650" ind1=" " ind2="0">
    <subfield code="a">Grupos de oraciones </subfield>
    <subfield code="x">Bautista, Iglesia Cat&#xF3;lica, Etc.</subfield>
    <subfield code="9">1418</subfield>
  </datafield>
  <datafield tag="910" ind1=" " ind2=" ">
    <subfield code="a">Validado. Control de calidad EMS</subfield>
  </datafield>
  <datafield tag="952" ind1=" " ind2=" ">
    <subfield code="0">0</subfield>
    <subfield code="1">0</subfield>
    <subfield code="5">2</subfield>
    <subfield code="7">5</subfield>
    <subfield code="8">DS</subfield>
    <subfield code="a">BNPHU</subfield>
    <subfield code="b">BNPHU</subfield>
    <subfield code="c">HD</subfield>
    <subfield code="d">2009-07-25</subfield>
    <subfield code="i">LF1</subfield>
    <subfield code="l">0</subfield>
    <subfield code="o">264 C965n</subfield>
    <subfield code="p">424-30</subfield>
    <subfield code="r">2020-06-25</subfield>
    <subfield code="t">e. 3</subfield>
    <subfield code="w">2020-06-25</subfield>
    <subfield code="y">LF1</subfield>
    <subfield code="Z">Pr&#xE9;stamo interno</subfield>
  </datafield>
  <datafield tag="952" ind1=" " ind2=" ">
    <subfield code="0">0</subfield>
    <subfield code="1">0</subfield>
    <subfield code="7">2</subfield>
    <subfield code="8">PD</subfield>
    <subfield code="a">BNPHU</subfield>
    <subfield code="b">BNPHU</subfield>
    <subfield code="c">HD</subfield>
    <subfield code="d">2009-07-25</subfield>
    <subfield code="i">LF1</subfield>
    <subfield code="l">0</subfield>
    <subfield code="o">264 C965n</subfield>
    <subfield code="p">424-10</subfield>
    <subfield code="r">2020-06-25</subfield>
    <subfield code="w">2020-06-25</subfield>
    <subfield code="y">LF1</subfield>
    <subfield code="Z">No se presta</subfield>
  </datafield>
  <datafield tag="952" ind1=" " ind2=" ">
    <subfield code="0">0</subfield>
    <subfield code="1">0</subfield>
    <subfield code="7">2</subfield>
    <subfield code="8">PD</subfield>
    <subfield code="a">BNPHU</subfield>
    <subfield code="b">BNPHU</subfield>
    <subfield code="c">HD</subfield>
    <subfield code="d">2009-07-25</subfield>
    <subfield code="i">LF1</subfield>
    <subfield code="l">0</subfield>
    <subfield code="o">264 C965n</subfield>
    <subfield code="p">424-20</subfield>
    <subfield code="r">2020-06-25</subfield>
    <subfield code="t">e. 2</subfield>
    <subfield code="w">2020-06-25</subfield>
    <subfield code="y">LF1</subfield>
    <subfield code="Z">No se presta</subfield>
  </datafield>
  <datafield tag="999" ind1=" " ind2=" ">
    <subfield code="c">422</subfield>
    <subfield code="d">422</subfield>
  </datafield>
</record>
